000
00328nam a22001457a 4500
008
210526b ||||| |||| 00| 0 eng d
020
_a
9780716771616
041
_a
eng
080
_2
2nd
_a
330.101.541
082
_a
330.101.541
100
_a
52
101
_a
MAKRO
245
_a
Macroeconomic
_c
Paul Krugman
942
_2
udc
_c
BK
999
_c
57657
_d
57657